000 00473nam a2200109Ia 4500
008 170221s9999 xx 000 0 und d
100 _aJeffrey L. Callen
245 4 _aThe Volatility of Return Revisions and Financial Statement Literacy in Emerging Markets: The Case of Cross-listed Chinese Firms (pages 572–596)
245 _cJeffrey L. Callen, Karen M.Y. Lai and Steven X. Wei
650 _xBusiness
856 _uhttp://onlinelibrary.wiley.com/doi/10.1111/jbfa.12180/pdf
999 _c307961
_d307961